01185cac a22003011u 4500003000900000005001700009008004100026020001500067020001800082040004300100082002000143100004400163245012000207264003800327300002700365336002600392337002800418338002700446504005100473650005700524650006400581651001000645653002200655655002400677942002400701999001500725952014300740EG-ScBUE20220316100342.0081221t1989 enk f b 001 0 eng d a0333385845 a9780333385845 aEG-ScBUEbengerdacEG-ScBUEdEG-ScBUE04a892.73bSHA2221 aShāhīn, Muḥammad, eauthor.14aThe modern Arabic short story :bShahrazad returns /cMohammad Shaheen, professor of English, University of Jordan. 1aLondon :bMacmillan Press,c1989. avi, 158 pages ;c23 cm 2rdacontentatextbtxt 2rdamediaaunmediatedbn 2rdacarrieravolumebnc aIncludes bibliographical references and index. 7aShort stories, ArabicxHistory and criticism.2BUEsh 7aArabic fictionxHistory and criticismy20th century.2BUEsh 2BUEsh bARALITcMarch2022 vReading book934232 cBBk892.73 SHA2ddc c9376d9376 00102ddc40708AlahramaMAINbMAINc2NDd2008-05-05ePurchasel2o892.73 SHAp000011337r2025-07-15 00:00:00s2010-09-22w2008-05-05yBB